| 000 | 00534nam a22002057a 4500 | ||
|---|---|---|---|
| 003 | OSt | ||
| 005 | 20140310181805.0 | ||
| 008 | 130704t xxu||||| |||| 00| 0 eng d | ||
| 020 | _a9780007107308 | ||
| 050 |
_aPE 1591 _b.C712 2002 |
||
| 082 |
_aREF 423.1 _b H294 2002 |
||
| 245 | _aCollins thesaurus A-Z | ||
| 250 | _a2nd | ||
| 260 |
_aGlascow, Great Britain _bHarperCollins Pub _cc2002. |
||
| 300 |
_axviii, 1133 p. _c26 cm. |
||
| 521 | _aBasic Ed. Students | ||
| 541 | _j1 | ||
| 562 | _e1 | ||
| 942 |
_2lcc _cBK-GR _kREF |
||
| 999 |
_c3787 _d3787 |
||